| 000 -LEADER |
| fixed length control field |
01433cam a2200301 a 4500 |
| 020 ## - INTERNATIONAL STANDARD BOOK NUMBER |
| ISBN |
9789280729030 (UNEP) |
| 020 ## - INTERNATIONAL STANDARD BOOK NUMBER |
| ISBN |
9280729039 (UNEP) |
| 020 ## - INTERNATIONAL STANDARD BOOK NUMBER |
| ISBN |
9789251062647 (FAO) |
| 020 ## - INTERNATIONAL STANDARD BOOK NUMBER |
| ISBN |
9251062641 (FAO) |
| 040 ## - CATALOGING SOURCE |
| Transcribing agency |
BTCTA |
| 082 ## - DEWEY DECIMAL CLASSIFICATION NUMBER |
| Classification number |
UNE VIT 2009 C132 Or. |
| 245 00 - TITLE STATEMENT |
| Title |
Vital forest graphics. |
| 260 ## - PUBLICATION, DISTRIBUTION, ETC. (IMPRINT) |
| Place of publication |
Nairobi, Kenya : |
| Name of publisher |
UNEP, |
| Year of publication |
c2009. |
| 300 ## - PHYSICAL DESCRIPTION |
| Number of Pages |
69 p. : |
| Other physical details |
col. ill., col. maps ; |
| Dimensions |
30 cm. |
| 500 ## - GENERAL NOTE |
| General note |
Cover title. |
| 500 ## - GENERAL NOTE |
| General note |
"Produced by UNEP/GRID-Arendal"--P. [2] of cover. |
| 520 ## - SUMMARY, ETC. |
| Summary, etc |
This publication provides an overview of the global trends in forest cover. It looks specifically at the four largest forest ecosystems and analyzes the trends and challenges in their conservation and management. It examines some of the key drivers behind forest loss, including the increasing demand for commodities and energy. Finally, it reviews some of the best practices for sustainable management of forest, including regulatory regimes, participatory management and economic incentives.--Publisher's description. |
| 650 #0 - SUBJECT ADDED ENTRY--TOPICAL TERM |
| Topical Term |
Forests and forestry |
| 650 #0 - SUBJECT ADDED ENTRY--TOPICAL TERM |
| Topical Term |
Forests and forestry. |
| 650 #0 - SUBJECT ADDED ENTRY--TOPICAL TERM |
| Topical Term |
Forest declines |
| 650 #0 - SUBJECT ADDED ENTRY--TOPICAL TERM |
| Topical Term |
Forest declines. |
| 650 #0 - SUBJECT ADDED ENTRY--TOPICAL TERM |
| Topical Term |
Forest ecology. |
| 650 #0 - SUBJECT ADDED ENTRY--TOPICAL TERM |
| Topical Term |
Forest management. |
| 710 2# - ADDED ENTRY--CORPORATE NAME |
| Corporate name or jurisdiction name as entry element |
United Nations Environment Programme. |
| 710 2# - ADDED ENTRY--CORPORATE NAME |
| Corporate name or jurisdiction name as entry element |
GRID--Arendal. |
| 856 41 - ELECTRONIC LOCATION AND ACCESS |
| Uniform Resource Identifier |
http://www.grida.no/_res/site/file/publications/vital_forest_graphics.pdf |
| 942 ## - ADDED ENTRY ELEMENTS (KOHA) |
| Koha item type |
ADB |
| 952 ## - LOCATION AND ITEM INFORMATION (KOHA) |
| Withdrawn status [LOCAL, KOHA] |
0 |